01000nam a2200193 a 450000100100000000500170001000800410002704000250006808200150009310000310010824502770013926001040041630000410052050000410056150000730060258600670067570000380074270000260078000002640420200930030214.0110316s1992 mx ac r 000 0 spa d aDO-SdBNPbspacBNPHU axxxbV715s1 aVillamán Pérez, Marcos10aEn solidaridad con la vida :bdiez años de impulso solidario del Secretariado Internacional Cristiano de Solidaridad con América Latina "Óscar A. Romero" /cMarcos Villamán Pérez ; edición a cargo de Leticia Rentería Chávez ; prefacio Samuel Ruiz García. aMéxico, D. F. :bSecretariado Internacional Cristiano de Solidaridad con América Latina,c1992. a183, [8] p. :bil., retrs. ;c21 cm. aIncluye datos del autor en la solapa aIncluye referencias bibliográficas y notas al pie de las páginas aLa biblioteca posee un ejemplar autobiográfiado por el autor1 aRentería Chávez, Leticiaeed.1 aRuiz García, Samuel